000 00561nam a2200181Ia 4500
003 GCL
008 140319s9999 xx 000 0 ara d
040 _aGCL /
_cGCL
082 0 4 _a312
_bن ا
100 1 _aناشد محمود عبد السلام
245 1 0 _aالاحصاء الاكتوارى /
_cناشد محمود عبد السلام
260 _a[S.N] :
_bدار النهضة العربية ،
_c1991
490 _a
650 0 4 _aالتأمين
650 0 4 _aالاحصائيات الحيوية
650 0 4 _aالاحصائيات
942 _2ddc
_cBK
999 _c27918
_d27918